000 00708nam a2200205Ii 4500
003 JO-AjNU
008 230605s9999||||xx |||||||||||||| ||und||
040 _aJO-AjNU
_bara
_erda
_cJO-AjNU
041 _aara
050 1 4 _aDS244.U42 1990
100 3 _aالعمر، عبد الجبار محمود,
_eauthor
_97185
245 0 0 _aالعين والمخرز: الموجز في تاريخ آل سعود الدموي
250 _aط1
264 3 1 _aبغداد: دار الشؤون الثقافية العامة، 1990
300 _a90ص
336 _atext
_btxt
_2rdacontent
337 _aunmediated
_bn
_2rdamedia
338 _avolume
_bnc
_2rdacarrier
650 4 _aآل سعود- السعودية-تاريخ
_97186
999 _aA151
_c3719
_d3719